000 00618nam a2200277Ia 4500
005 20260324111802.0
008 008 260324s9999 xx 000 0 eng d
020 _a9781003398424
037 _aEBOOK
040 _aCRL
040 _beng
040 _cCRL
041 _2eng
041 _aeng
084 _qCRL
100 _aMyra J. Hird
_91140009
245 0 _aWaste: The Basics
260 _bTaylor and Francis
260 _c2025
365 _a
365 _b140
856 _uhttp://www.taylorfrancis.com/books/9781003398424
942 _cEBOOK
999 _c1728930
_d1728930